| Tag |
First Indicator |
Second Indicator |
Subfields |
| LEADER |
00000cam a2200000Ia 4500 |
| 001 |
in00002784624 |
| 005 |
20210728125003.0 |
| 006 |
m o d |
| 007 |
cr cnu---unuuu |
| 008 |
100311s2009 enka ob 001 0 eng d |
| 019 |
|
|
|a 475439832
|
| 020 |
|
|
|a 0470742259 (electronic bk.)
|
| 020 |
|
|
|a 0470742267 (electronic bk.)
|
| 020 |
|
|
|a 9780470742259 (electronic bk.)
|
| 020 |
|
|
|a 9780470742266 (electronic bk.)
|
| 020 |
|
|
|z 0470741597 (cloth)
|
| 020 |
|
|
|z 0470997532 (pbk.)
|
| 020 |
|
|
|z 9780470741597 (cloth)
|
| 020 |
|
|
|z 9780470997536 (pbk.)
|
| 035 |
|
|
|a (OCoLC)551184955
|z (OCoLC)475439832
|
| 035 |
|
|
|a (OCoLC)ocn551184955
|
| 035 |
|
|
|a 4038458
|
| 040 |
|
|
|a N$T
|b eng
|c N$T
|d OSU
|d YDXCP
|d BTCTA
|d IDEBK
|d OCLCQ
|d EBLCP
|d MHW
|d OCLCQ
|d TXA
|d UtOrBLW
|
| 049 |
|
|
|a TXAM
|
| 050 |
|
4 |
|a LC4818.38
|b .N48 2009eb
|
| 072 |
|
7 |
|a EDU
|x 026020
|2 bisacsh
|
| 082 |
0 |
4 |
|a 371.9/0474
|2 22
|
| 245 |
0 |
0 |
|a Neurodiversity in higher education :
|b positive responses to specific learning differences /
|c edited by David Pollak.
|
| 264 |
|
1 |
|a Chichester, UK ;
|a Malden, MA :
|b Wiley-Blackwell,
|c 2009.
|
| 300 |
|
|
|a 1 online resource (xviii, 302 pages) :
|b illustrations
|
| 336 |
|
|
|a text
|b txt
|2 rdacontent
|
| 337 |
|
|
|a computer
|b c
|2 rdamedia
|
| 338 |
|
|
|a online resource
|b cr
|2 rdacarrier
|
| 500 |
|
|
|a Electronic resource.
|
| 504 |
|
|
|a Includes bibliographical references and index.
|
| 505 |
0 |
|
|a Introduction / David Pollak -- Neurodiversity, disability, legislation and policy development in the United Kingdom / Alan Hurst -- The psychological assessment of neurodiversity / David Grant -- Dyslexia / Ross Cooper -- Dyspraxia / Sharon Drew -- Dyscalculia / Clare Trott -- Asperger syndrome : empathy is a two-way street / Nicola Martin -- Attention deficit (hyperactivity) disorder AD(H)D / Mary Colley -- Mental well-being / Kitty McCrea -- Assistive technology / E.A. Draffan -- Teaching, learning and assessment : 'it's not like you think' / Heather Symonds -- Conclusion : constructing the whole picture and looking forward / David Pollak.
|
| 520 |
|
|
|a This edited collection offers screening, teaching and practical support for specific learning differences in Higher Education: UsesA international case studies to explain how psychologists identify, assess and support a range of specific learning differences in students; The higher education sector has come to terms with dyslexia, but today???s students are disclosing a range of learning differences including dyspraxia, ADHD, Asperger???s Syndrome and dyscalculia; Institutions in all major Western countries are required by law to avoid disadvantaging students with special educational needs, so staff must be up to date on how to recognise and support them; Supported by an already popular website, Brain HE, with extra materials and colour photographs.
|
| 588 |
|
|
|a Description based on print version record.
|
| 650 |
|
0 |
|a College students with disabilities.
|0 http://id.loc.gov/authorities/subjects/sh91001068
|
| 650 |
|
0 |
|a Learning disabled
|x Education (Higher)
|
| 650 |
|
0 |
|a Learning
|x Physiological aspects.
|0 http://id.loc.gov/authorities/subjects/sh85075523
|
| 650 |
|
4 |
|a Education.
|
| 650 |
|
7 |
|a EDUCATION
|x Special Education
|x Learning Disabilities.
|2 bisacsh
|
| 655 |
|
7 |
|a Electronic books.
|2 local
|
| 700 |
1 |
|
|a Pollak, David.
|0 http://id.loc.gov/authorities/names/nb2007007122
|
| 776 |
0 |
8 |
|i Print version:
|t Neurodiversity in higher education.
|d Chichester, UK ; Malden, MA : Wiley-Blackwell, 2009
|z 9780470997536
|w (DLC) 2008052047
|w (OCoLC)277040922
|
| 830 |
|
0 |
|a Wiley Online Library.
|
| 856 |
4 |
0 |
|u http://proxy.library.tamu.edu/login?url=https://dx.doi.org/10.1002/9780470742259
|z Connect to the full text of this electronic book
|t 0
|
| 948 |
|
|
|a cataloged
|b h
|c 2012/12/14
|d c
|e jlanham
|f 9:58:05 am
|
| 994 |
|
|
|a C0
|b TXA
|
| 999 |
|
|
|a MARS
|
| 999 |
f |
f |
|s 383b57e9-b613-3ed6-85b5-866bc62a269a
|i 8fd77397-32d0-356f-8330-7aee06486a10
|t 0
|
| 952 |
f |
f |
|a Texas A&M University
|b College Station
|c Electronic Resources
|d Available Online
|t 0
|e LC4818.38 .N48 2009eb
|h Library of Congress classification
|
| 998 |
f |
f |
|a LC4818.38 .N48 2009eb
|t 0
|l Available Online
|